Anglo-russkij slovar

Enregistré dans:
Détails bibliographiques
Format: Livre
Langue:russe
anglais
Publié: Moskva OGIZ-GIS 1949
Tags: Ajouter un tag
Pas de tags, Soyez le premier à ajouter un tag!

MARC

LEADER 00000nam a2200000 4500
001 0312133
005 20250909084522.4
041 0 |a rus 
041 0 |a eng 
044 |a RU 
245 1 0 |a Anglo-russkij slovar 
264 1 |a Moskva  |b OGIZ-GIS  |c 1949